Statistics for All 10m+ First-Level Country Subdivisions

Click here to take the quiz!

General Stats

  • This quiz has been taken 6,900 times
  • The average score is 36 of 106

Answers on the Map

Answers color-coded by a green-red scale on the quiz's map according to % correct below.
Loading ...
 

Answer Stats

CountryPopulationSubdivision% Correct
United States29.0 mTexas
98%
United States39.5 mCalifornia
98%
United States21.5 mFlorida
97%
United States19.5 mNew York
96%
United Kingdom56.0 mEngland
93%
United States10.6 mGeorgia
90%
United States12.7 mIllinois
90%
United States12.8 mPennsylvania
89%
United States10.5 mNorth Carolina
88%
United States11.7 mOhio
87%
Canada14.6 mOntario
85%
Brazil17.3 mRio de Janeiro
80%
Germany13.1 mBavaria
75%
Brazil45.9 mSão Paulo
74%
China21.5 mBeijing
72%
Argentina17.4 mBuenos Aires
71%
China24.2 mShanghai
66%
India18.7 mDelhi
64%
Indonesia10.5 mJakarta
62%
Mexico17.2 mMéxico
61%
Iran13.8 mTehran
58%
Philippines12.9 mNational Capital
56%
South Korea10.0 mSeoul
53%
Nigeria12.6 mLagos
53%
Turkey15.5 mIstanbul
51%
Japan13.8 mTokyo
50%
Russia12.6 mMoscow
49%
China25.3 mInner Mongolia
48%
Bangladesh40.2 mDhaka
48%
France12.2 mÎle-de-France
47%
Italy10.1 mLombardy
46%
D. R. Congo11.6 mKinshasa
46%
Pakistan110.0 mPunjab
41%
India30.1 mPunjab
41%
India237.9 mUttar Pradesh
38%
India13.6 mJammu and Kashmir
38%
China24.9 mXinjiang Uyghur
36%
Germany17.9 mNorth Rhine-Westphalia
36%
India99.6 mWest Bengal
35%
China15.6 mTianjin
35%
Germany11.1 mBaden-Württemberg
34%
China113.5 mGuangdong
31%
India63.9 mGujarat
30%
China59.2 mHubei
29%
Ethiopia18.3 mSouthern Nations,
Nationalities,
and Peoples' Region
29%
China83.4 mSichuan
28%
Bangladesh32.0 m.Chittagong
28%
Nigeria13.1 mKano
25%
India77.8 mTamil Nadu
25%
India81.0 mRajasthan
25%
India35.7 mKerala
25%
China31.0 mChongqing
23%
China75.6 mHebei
22%
India35.6 mAssam
22%
China48.3 mYunnan
21%
India123.1 mMaharashtra
20%
South Africa11.3 mKwaZulu-Natal
20%
China69.0 mHunan
20%
Pakistan12.3 mBalochistan
20%
Brazil14.9 mBahia
19%
China38.6 mShaanxi
19%
China37.2 mShanxi
19%
Brazil21.2 mMinas Gerais
18%
Indonesia49.0 mWest Java
18%
China100.5 mShandong
18%
India53.9 mAndhra Pradesh
18%
China39.4 mFujian
18%
Brazil11.4 mRio Grande do Sul
18%
India85.4 mMadhya Pradesh
17%
China96.1 mHenan
17%
India46.4 mOdisha
17%
Indonesia39.7 mEast Java
17%
Pakistan47.9 mSindh
16%
China26.4 mGansu
16%
China49.3 mGuangxi
16%
India124.8 mBihar
16%
India67.6 mKarnataka
16%
China37.7 mHeilongjiang
16%
Indonesia34.6 mCentral Java
16%
Brazil11,4 mParaná
15%
China27.0 mJilin
15%
China63.2 mAnhui
14%
India39.4 mTelangana
14%
China80.5 mJiangsu
13%
India28.2 mHaryana
13%
China43.6 mLiaoning
13%
China57.4 mZhejiang
12%
China46.5 mJiangxi
12%
India38.6 mJharkhand
12%
China36.0 mGuizhou
12%
India11.3 mUttarakhand
12%
India29.4 mChhattisgarh
12%
Pakistan30.5 mKhyber Pakhtunkhwa
11%
South Africa15.2 mGauteng
11%
Indonesia14.6 mNorth Sumatra
11%
Ethiopia33.7 mOromia
8%
Ethiopia20.4 mAmhara
8%
Bangladesh11.3 mSylhet
7%
Bangladesh17.3 mKhulna
6%
Philippines11.2 mCentral Luzon
6%
Bangladesh17.6 mRangpur
5%
Bangladesh20.4 mRajshahi
5%
South Korea13.7 mGyeonggi
5%
Indonesia13,0 mBanten
5%
Bangladesh12.4 mMymensingh
4%
Philippines14.4 mSouthern Tagalog Mainland
4%

Score Distribution

Percentile by Number Answered

Percent of People with Each Score

Your Score History

You have not taken this quiz